000 00632nam a2200205Ia 4500
005 20260429112000.0
008 260429s9999||||xx |||||||||||||| ||und||
020 _a9798886131000
041 _aEnglish
082 _a530.12
_bGHO
100 _aGhosh, Avik
245 0 _aFundamentals of electronic materials and devices :
_ba gentle introduction to the quantum-classical world /
_cAvik Ghosh
260 _aSingapore :
_bWorld Scientific Publishing,
_c2024.
300 _axv, 331 p.; pbk
650 _a Electronic devices
650 _a Electronic materials
650 _a Quantum physics
650 _aPhysics
942 _cTB
999 _c51737
_d51737